Inside the UDA (Record no. 117602)
[ view plain ]
| 000 -LEADER | |
|---|---|
| fixed length control field | 01624nam a2200409 a 4500 |
| 082 04 - DEWEY DECIMAL CLASSIFICATION NUMBER | |
| Classification number | 941.60824 |
| 100 1# - MAIN ENTRY--AUTHOR NAME | |
| Personal name | Crawford, Colin, |
| 245 10 - TITLE STATEMENT | |
| Title | Inside the UDA |
| 260 ## - PUBLICATION, DISTRIBUTION, ETC. (IMPRINT) | |
| Place of publication | London ; |
| -- | Sterling, Va. : |
| Name of publisher | Pluto Press, |
| Year of publication | 2003. |
| 300 ## - PHYSICAL DESCRIPTION | |
| Number of Pages | xix, 225 p. |
| 650 #0 - SUBJECT ADDED ENTRY--TOPICAL TERM | |
| Topical Term | Paramilitary forces |
| Topical Term | Political violence |
| Topical Term | Unionism (Irish politics) |
| 700 1# - ADDED ENTRY--PERSONAL NAME | |
| Personal name | Smyth, Marie. |
| 856 40 - ELECTRONIC LOCATION AND ACCESS | |
| Uniform Resource Identifier | http://site.ebrary.com/lib/rucke/Doc?id=10479674 |
No items available.
